| 000 | 00670nam a2200217 a 4500 | ||
|---|---|---|---|
| 999 |
_c8111 _d8111 |
||
| 001 | 8111 | ||
| 003 | BD-JhCC | ||
| 005 | 20180218190044.0 | ||
| 008 | 180218b1981 bg |||| ||a| 000 0 ben d | ||
| 035 | _a(BD-JhCC) 8111 | ||
| 040 |
_aBD-JhCC _dBD-JhCC |
||
| 041 | _aben | ||
| 082 |
_a796.358 _bNON 1981 |
||
| 100 | _aনন্দী, মতি | ||
| 245 |
_aএম্পিয়ারিং / _c মতি নন্দী |
||
| 260 |
_aঢাকা : _bআনন্দ পাবলিশার্স প্রাইভেট লিমিটেড কলিকাতা ৯ |
||
| 300 |
_a114 p .: _c18 cm . |
||
| 650 | _aCricket | ||
| 942 |
_2ddc _cBK |
||